000 00503nam a2200193Ia 4500
008 101110s9999 xx 000 0 und d
041 _aENGLISH
082 _bSR23623
100 _aChopde L.N., Choudhari D.H.
245 _aBook-Keeping and Accountancy ( SYBA )
365 _b90
520 _aCommerce
546 _aENGLISH
630 _aBook-Keeping and Accountancy ( SYBA )
650 _aCommerce
655 _aCommerce
730 _aBook-Keeping and Accountancy ( SYBA )
942 _cBOOK
999 _c816324
_d816321